000 01232nam a22003137i 4500
999 _c23039
_d23039
003 AR-CdUCM
008 240913b20192019spa||||| |||| 00| 0 spa d
020 _a978-84-283-4094-6
040 _aMUNICIPALIDAD PROVINCIAL DEL CUSCO
_cBIBLIOTECA MUNICIPAL DEL CUSCO
041 _hspa
082 _a641.5 / C28
_bC28
100 _aCarrero Casarrubios, Pilar
_950374
245 _aElaboraciones de pastelería y repostería en cocina /
260 _aMadrid :
_bEdiciones Paraninfo, SA.
_c2019
300 _a360 páginas. :
_c25 cm.
505 _aInstalaciones, equipos y maquinaria de pastelería -- Materias de repostería -- Masas y pastas -- Pan y pastelería salada -- Cremas, rellenos y salsas -- Confituras y mermeladas -- Postres de restauración -- Mousses y semifríos -- Sorbetes y helados -- Decoración y presentación de postres
650 _aAmasadora
_950375
650 _aCazo eléctrico
_950376
650 _aPastas
_950377
650 _aBaños
_913523
650 _aTartas
_950378
650 _aPostres
_950379
650 _aMousse
_950380
650 _aMoldeado
_950381
650 _aMarmoleado
_950382
700 _aArmendáriz Sanz, José Luis
_950383
942 _2ddc
_cLIBROS
945 _apbj
_d2024-09-13